Marvel Contest of Champions Characters - Statistics

General Stats
  • This quiz has been taken 61 times
    53 since last reset
  • The average score is 85 of 132
Answer Stats
Hint Answer % Correct
Hulk
87%
Hulk (Ragnarok)
87%
Iron Man
87%
Iron Man (Infinity War)
87%
Spiderman
87%
Spiderman (Miles Morales)
87%
Spiderman (Stark Enhanced)
87%
Spiderman (Symbiote)
87%
Superior Iron Man
87%
Thor
87%
Thor (Jane Foster)
87%
Thor (Ragnarok)
87%
Black Panther
83%
Black Panther (Civil War)
83%
Black Widow
83%
Mystic Doctor Strange
83%
Thanos
83%
Ultron
83%
Ultron (Classic)
83%
Ant Man
78%
Cyclops (Blue Team)
78%
Cyclops (New Xavier School)
78%
Daredevil
78%
Daredevil (Netflix)
78%
Drax
78%
Ghost
78%
Ghost Rider
78%
Groot
78%
Hawkeye
78%
Loki
78%
Magneto
78%
Magneto (Marvel Now!)
78%
Venom
78%
War Machine
78%
Wasp
78%
Science Abomination
74%
Deadpool
74%
Deadpool (X-force)
74%
Gamora
74%
Nightcrawler
74%
Rogue
74%
Starlord
74%
Wolverine
74%
Wolverine (X23)
74%
Beast
70%
Captain Marvel
70%
Carnage
70%
Domino
70%
Green Goblin
70%
Iceman
70%
Ms Marvel
70%
Ms Marvel (Kamala Khan)
70%
Nebula
70%
Red Hulk
70%
Rocket Raccoon
70%
Scarlet Witch
70%
She Hulk
70%
Winter Soldier
70%
Blade
65%
Captain America
65%
Captain America (Infinity War)
65%
Captain America (WWII)
65%
Colossus
65%
Electro
65%
Elektra
65%
Falcon
65%
Gambit
65%
Luke Cage
65%
Phoenix
65%
Punisher
65%
Red Skull
65%
Storm
65%
Unstoppable Colossus
65%
Yellowjacket
65%
Doctor Octopus
61%
Juggernaut
61%
Psylocke
61%
Rhino
61%
Spider-Gwen
61%
Vision
61%
Vision (Age of Ultron)
61%
Vulture
61%
Skill Agent Venom
57%
Cosmic Angela
57%
Mutant Archangel
57%
Bishop
57%
Cable
57%
Dormammu
57%
Gwenpool
57%
Hela
57%
Iron Fist
57%
Iron Fist (Immortal)
57%
Kang the Conqueror
57%
Killmonger
57%
Kingpin
57%
Magik
57%
Modok
57%
Moon Knight
57%
Sabretooth
57%
Yondu
57%
Black Bolt
52%
Heimdall
52%
Howard the Duck
52%
Karnak
52%
Medusa
52%
Mephisto
52%
Mordo
52%
Ronan
52%
Doctor Voodoo
48%
Guillotine
48%
Hyperion
48%
Iron Patriot
48%
Quake
48%
Sentry
48%
Venompool
48%
Hulkbuster
43%
King Groot
43%
Korg
43%
Corvus Glaive
39%
Crossbones
39%
Goldpool
39%
Joe Fixit
39%
Masacre
39%
Morningstar
39%
Proxima Midnight
39%
Sentinel
39%
Taskmaster
39%
Void
39%
Tech Civil Warrior
35%
Punisher 2099
35%
The Hood
35%
Old Man Logan
30%
No matching quizzes found
Score Distribution
Percent of People with Each Score
Percentile by Number Answered
Your Score History
You have not taken this quiz since the last reset